Advances in soil science. V 14 (Record no. 40281)

MARC details
000 -LEADER
fixed length control field 00373nam a2200145Ia 4500
082 ## - DEWEY DECIMAL CLASSIFICATION NUMBER
Classification number 631.4
Item number ADV.14
245 #0 - TITLE STATEMENT
Title Advances in soil science. V 14
260 ## - PUBLICATION, DISTRIBUTION, ETC. (IMPRINT)
Place of publication Berlin
Name of publisher Springer
Year of publication 1990
650 ## - SUBJECT ADDED ENTRY--TOPICAL TERM
Topical Term Microelectrophoresis
650 ## - SUBJECT ADDED ENTRY--TOPICAL TERM
Topical Term Soil nitrogen loss
650 ## - SUBJECT ADDED ENTRY--TOPICAL TERM
Topical Term Soil science
700 ## - ADDED ENTRY--PERSONAL NAME
Personal name Stewart, B A
942 ## - ADDED ENTRY ELEMENTS (KOHA)
Koha item type Books
Holdings
Withdrawn status Lost status Damaged status Not for loan Home library Current library Date acquired Cost, normal purchase price Full call number Accession Number Koha item type
        RRII Library RRII Library 16/12/2021 158.00 631.4 ADV.14 20585 Books